| Tag |
First Indicator |
Second Indicator |
Subfields |
| LEADER |
00000cam a22000008i 4500 |
| 001 |
in00000791321 |
| 005 |
20200725063452.0 |
| 008 |
751111s1976 dcu b f00110 eng |
| 010 |
|
|
|a gp 77005185
|
| 010 |
|
|
|a 75040186
|
| 020 |
|
|
|c pbk.
|
| 035 |
|
|
|a (OCoLC)01958364
|
| 035 |
|
|
|9 ADP8236AM
|
| 040 |
|
|
|a DLC
|c DLC
|d GPO
|d UtOrBLW
|
| 050 |
|
0 |
|a QL1
|b .S54 no. 219
|
| 074 |
|
|
|a 910-D
|
| 082 |
0 |
|
|a 591/.08 s
|a 595/.33
|
| 086 |
|
|
|a SI 1.27:219
|
| 100 |
1 |
|
|a Kornicker, Louis S.,
|d 1919-2018.
|
| 245 |
1 |
0 |
|a Phylogeny, ontogeny, and morphology of living and fossil Thaumatocypridacea (Myodocopa, Ostracoda) /
|c Louis S. Kornicker and I. G. Sohn.
|
| 264 |
|
1 |
|a Washington :
|b Smithsonian Institution Press,
|c 1976.
|
| 300 |
|
|
|a iv, 124 pages :
|b illustrations ;
|c 26 cm.
|
| 336 |
|
|
|a text
|b txt
|2 rdacontent
|
| 337 |
|
|
|a unmediated
|b n
|2 rdamedia
|
| 338 |
|
|
|a volume
|b nc
|2 rdacarrier
|
| 490 |
1 |
|
|a Smithsonian contributions to zoology ; no. 219
|
| 504 |
|
|
|a Bibliography: pages 122-124.
|
| 650 |
|
0 |
|a Thaumatocyprididae.
|
| 650 |
|
0 |
|a Thaumatocyprididae, Fossil.
|
| 700 |
1 |
|
|a Sohn, I. G.
|q (Israel Gregory),
|d 1911-2000.
|
| 710 |
2 |
|
|a Smithsonian Institution.
|
| 830 |
|
0 |
|a Smithsonian contributions to zoology ;
|v no. 219.
|
| 999 |
|
|
|a MARS
|
| 999 |
f |
f |
|s 58d1455b-88a5-3995-bef0-2e10638fb150
|i b03ab898-a7c5-3b76-bdd4-d933b5713482
|t 0
|
| 952 |
f |
f |
|p normal
|a Texas A&M University
|b Galveston Campus
|c Jack K. Williams Library
|d Galveston Current Periodicals
|t 0
|e PERIODICAL
|h Library of Congress classification
|i unspecified -- unspecified
|m 33620001245329
|n 1
|
| 952 |
f |
f |
|p normal
|a Texas A&M University
|b College Station
|c Sterling C. Evans Library
|d Evans: US Documents (Annex 5th floor)
|t 0
|e SI 1.27:210-219
|h Superintendent of Documents classification
|i unmediated -- volume
|k 210-219
|m A14838315606
|
| 952 |
f |
f |
|a Texas A&M University
|b College Station
|c Sterling C. Evans Library
|d Evans: US Documents (Annex 5th floor)
|t 0
|e SI 1.27:210-219
|h Superintendent of Documents classification
|
| 998 |
f |
f |
|a SI 1.27:210-219
|t 0
|l Evans: US Documents (Annex 5th floor)
|
| 998 |
f |
f |
|a PERIODICAL
|t 0
|l Galveston Current Periodicals
|